00728nam a2200229Ia 4500003000400000005001700004008004100021020002200062040000700084041000800091082002200099100003100121245002500152260006500177300001600242365001300258650002100271906002700292942001200319999001900331952014800350OSt20250625112533.0210423s2013 xx 000 0 und d a978-93-81695-26-5 cAL aeng a001.42 223bOBER aPawan kumar Oberoi9115801 aResearch methodology aNew DelhibGlobal academic publishers and distributorsc2013 axii,555bPB b395cINR aResearch9115802 amethodology ; Research 2ddccBK c168313d168313 001040708MCOMaSACPGbSACPGd2017-02-13eIntact Bookhouseg395.00l2o001.42 OBERpPG014815r2025-06-17 13:54:16s2024-09-17w2021-04-26yBK